000 004350000a22001690004500
003 MACL
005 20151230154450.0
008 151230b xxu||||| |||| 00| 0 eng d
040 _aMACL
_cMACL
041 _aEnglish
082 _a294.4/KRA
100 _aKrause, Dr Charlotte
_923754
245 _aAncient Jaina Hymns
260 _bScindia Oriental Institute
_c1952
_aUjjain
650 _aReligion
_925132
942 _cBK
_k294.4/KRA
_2ddc
999 _c35643
_d35643